Empresas sacras de Núñez de Cepeda (Record no. 12)

MARC details
000 -CABECERA
campo de control de longitud fija 00942nam a2200265 a 4500
001 - NÚMERO DE CONTROL
campo de control BRCA_12
005 - FECHA Y HORA DE LA ÚLTIMA TRANSACCIÓN
campo de control 20190320202837.0
008 - DATOS DE LONGITUD FIJA--INFORMACIÓN GENERAL
campo de control de longitud fija 930819s1988 sp-a---##b---#001-0#spa-d
020 ## - NÚMERO INTERNACIONAL ESTÁNDAR DEL LIBRO
Número Internacional Estándar del Libro 8486474035
040 ## - FUENTE DE LA CATALOGACIÓN
Centro catalogador/agencia de origen MH
Centro/agencia transcriptor MH
Centro/agencia modificador DLC
050 #4 - SIGNATURA TOPOGRÁFICA DE LA BIBLIOTECA DEL CONGRESO
Número de clasificación BX1905
Número de documento/Ítem .N86 1988
100 1# - ENTRADA PRINCIPAL--NOMBRE DE PERSONA
Nombre de persona Núñez de Cepeda, Francisco
Fechas asociadas al nombre 1616-1690
9 (RLIN) 58
240 10 - TÍTULO UNIFORME
Título uniforme Idea de el buen pastor
245 10 - MENCIÓN DE TÍTULO
Título Empresas sacras de Núñez de Cepeda
Mención de responsabilidad, etc. [edición de] Rafael García Mahíques ; prólogo Santiago Sebastián.
260 ## - PUBLICACIÓN, DISTRIBUCIÓN, ETC.
Lugar de publicación, distribución, etc. Madrid
Nombre del editor, distribuidor, etc. Tuero
Fecha de publicación, distribución, etc. 1988
300 ## - DESCRIPCIÓN FÍSICA
Extensión xv, 210 p.
Otras características físicas il.
Dimensiones 30 cm.
500 ## - NOTA GENERAL
Nota general Facsímil de: Idea de el buen pastor. León : Talleres de Anisson y Posuel, 1682
504 ## - NOTA DE BIBLIOGRAFÍA, ETC.
Nota de bibliografía, etc. Incluye referencias bibliográficas
650 14 - PUNTO DE ACCESO ADICIONAL DE MATERIA--TÉRMINO DE MATERIA
Término de materia o nombre geográfico como elemento de entrada Emblemas de libros españoles
9 (RLIN) 59
650 14 - PUNTO DE ACCESO ADICIONAL DE MATERIA--TÉRMINO DE MATERIA
Término de materia o nombre geográfico como elemento de entrada Emblemas
Subdivisión general Trabajos tempranos a 1800
Subdivisión geográfica España
9 (RLIN) 60
653 0# - TÉRMINO DE INDIZACIÓN--NO CONTROLADO
Término no controlado Emblemática
700 1# - PUNTO DE ACCESO ADICIONAL--NOMBRE DE PERSONA
Nombre de persona García Mahíques, Rafael
9 (RLIN) 61
700 1# - PUNTO DE ACCESO ADICIONAL--NOMBRE DE PERSONA
Nombre de persona Santiago Sebastián
9 (RLIN) 62
942 ## - ELEMENTOS DE PUNTO DE ACCESO ADICIONAL (KOHA)
Fuente del sistema de clasificación o colocación Library of Congress Classification
Tipo de ítem Koha Libros
Holdings
Estado de retiro Estado de pérdida Estado dañado No para préstamo Localización permanente Ubicación/localización actual Fecha de adquisición Total de préstamos Signatura topográfica completa Código de barras Fecha visto por última vez Precio válido a partir de Tipo de ítem Koha
El ejemplar forma parte de la colección y puede ser consultado según las políticas vigentes.       Biblioteca del Museo Franz Mayer (Rogerio Casas-Alatriste) Biblioteca del Museo Franz Mayer (Rogerio Casas-Alatriste) 24/06/2008   BX1905 .N86 1988 00209 22/03/2019 22/03/2019 Libros